000 01086 am a2200289 a 4500
005 20240830142013.0
008 110328s1980||||ag a f |||| 001 0 spa d
020 _aS/N
041 _aspa
092 _c611
_l10
_sCAS
100 1 _aCasiraghi, Juan Carlos
_9671
245 _aAnatomía del Cuerpo Humano. Funcional y Quirúrgica.
_bT.4 Regiones del abdomen y de la pelvis /
_cJuan Carlos Casiraghi
250 _a1a ed.
260 _aBuenos Aires:
_bAlboazul;
_c1980.
300 _a233 p.
_bil.
500 _aCasiraghi, J. C., Anapios, R. y Cúneo, J. L. (1980). Anatomía del Cuerpo Humano. Funcional y Quirúrgica. T.4 Regiones del abdomen y de la pelvis. (1a ed.). Buenos Aires : Alboazul.
590 _aDonación de Mariela Ruocco, Feb. 2011.
653 _aParedes de la cavidad abdominal
653 _aPeritoneo y cavidad peritoneal
653 _aÓrganos intraperitoneales
653 _aEspacios extraperitoneales
653 _aGenitales y peritoneo
700 1 _aAnapios, Roberto
_93865
700 1 _aCúneo, José Luís
_93866
930 _a2187
942 _2ddc
_cBK
_06
999 _c802
_d802